000 00316nam a22001457a 4500
008 230901b ||||| |||| 00| 0 eng d
020 _a0198246749
041 _aeng
080 _a618
082 _a618TOO
100 _a15
101 _aGJINEK
245 _aABORTION AND INFANTICIDE
_cTOOLEY .M
942 _2udc
_cBK
999 _c60235
_d60235